00540 a2200145 4500082001700000100001900017245005500036250001200091260003600103300003500139650001500174999001300189952009600202952009600298 a620.1123 TIM aTimoshenko, S. aTheory of ElasticitycS. Timoshenko, J. N. Goodier a2nd ed. aNew York :bMc Graw Hill,c1951 axviii, 506p. :bill . ;c23 cm aElasticity c820d820 00104070aNITbNITcCEd0000-00-00l0o620.1123 TIMpNIT-835 r2017-01-05w2017-01-05yBK 00104070aNITbNITcCEd0000-00-00l3m2pNIT-734r2024-01-10s2024-01-02w2017-01-05yBK